| 000 | 00569nam a2200145Ia 4500 | ||
|---|---|---|---|
| 008 | 170221s9999 xx 000 0 und d | ||
| 100 | _aRadif R. Zamaletdinov | ||
| 245 | _aPedagogical Tools of Professional Ideals Management of Modern Student | ||
| 245 | _cRadif R. Zamaletdinov, Igor A. Kuznetsov, Natalia S. Sakharova, Valentina G. Gladkikh, Natalia E. Erofeeva | ||
| 260 | _bInternational Review of Management and Marketing | ||
| 260 | _cJune 2013 | ||
| 300 | _a5:1 | ||
| 650 | _xMarketing. | ||
| 856 | _uhttp://www.econjournals.com/index.php/irmm/issue/view/72 | ||
| 999 |
_c310302 _d310302 |
||